Els Mossos d'Esquadra / Núria Sales ... [et al.]
Descripción Física:
167 p. . il., negre i col. ; 31 cm
Colección:
Col·lecció estudis
Otros Autores:
Sales, Núria
Materias:
Catalunya. Mossos d'Esquadra
MARC
| LEADER | 00000nam a2200000Ia 4500 | ||
|---|---|---|---|
| 001 | 8393 | ||
| 008 | 160829s1981 xx 000 0 cat d | ||
| 080 | |a FOL-1-125 | ||
| 245 | |a Els Mossos d'Esquadra / Núria Sales ... [et al.] | ||
| 260 | |a Barcelona : |b l'Avenç, |c 1981 | ||
| 300 | |a 167 p. . il., negre i col. ; |c 31 cm | ||
| 490 | |a Col·lecció estudis | ||
| 650 | |a Catalunya. Mossos d'Esquadra | ||
| 700 | |a Sales, Núria |9 29102 | ||
| 901 | |a Arxiu | ||
| 942 | |n 1 | ||
| 952 | |0 0 |1 0 |4 0 |6 FOL1125 |7 1 |9 45061 |a Arxiu |b Arxiu |d 2016-12-01 |l 0 |o FOL-1-125 |p 8393 |r 2016-12-01 00:00:00 |w 2016-12-01 |y ARXIU | ||
| 999 | |c 47681 |d 47681 | ||